00890cam a2200265 i 4500001001000000003000900010005001700019008004100036010001300077040002300090043001200113050001700125100003200142245012300174260006500297300002000362500001700382610006400399651005900463700003200522910003400554910000700588942001400595999001500609000001391DO-SdBNP20251029111305.0770812s1976 ve 000 0 spa  a77467482 aDO-SdBNPcDLCdDLC as-ve---00aJL3831b.E822 aEscovar Salom, Ramon.9465700aDiscurso de incorporacion del Dr. Ramon Escovar Salom. Discurso de contestacion del academico Dr. Eloy Lares Martinez. aCaracas :bAcademia de Ciencias Politicas y Sociales,c1976. a48 p. ;c22 cm. aCover title.20aAcademia de Ciencias Politicas y Sociales (Venezuela)94659 0aVenezuela xPolitics And Governmenty1974-1999.9262302 aLares Martinez, Eloy.94660 aCatalogación por copia / LC aDC 2ddccLBS1 c1313d1313